header

End of the night girl (Record no. 116240)

MARC details
000 -LEADER
fixed length control field 01150nam a2200289 a 4500
100 1# - MAIN ENTRY--AUTHOR NAME
Personal name Matthew, Amy T.
245 10 - TITLE STATEMENT
Title End of the night girl
260 ## - PUBLICATION, DISTRIBUTION, ETC. (IMPRINT)
Place of publication Kent Town, S. Aust. :
Name of publisher Wakefield Press,
Year of publication 2011.
300 ## - PHYSICAL DESCRIPTION
Number of Pages 277 p.
650 #0 - SUBJECT ADDED ENTRY--TOPICAL TERM
Topical Term Holocaust, Jewish (1939-1945), in literature.
Topical Term Holocaust, Jewish (1939-1945), in literature
Topical Term Genocide in literature.
856 40 - ELECTRONIC LOCATION AND ACCESS
Uniform Resource Identifier http://site.ebrary.com/lib/rucke/Doc?id=10509120

No items available.

© 2026 Rongo University
Contact us: librarian | system librarian | Rongo university